Security websohere application server version 6.1 and J2EE 1 (Record no. 177218)

000 -LEADER
fixed length control field 00453nam a2200133Ia 4500
008 - FIXED-LENGTH DATA ELEMENTS--GENERAL INFORMATION
fixed length control field 220217s9999||||xx |||||||||||||| ||und||
020 ## - INTERNATIONAL STANDARD BOOK NUMBER
International Standard Book Number 978-81-8404-482-9
082 ## - DEWEY DECIMAL CLASSIFICATION NUMBER
Classification number 004.67 KOO
100 ## - MAIN ENTRY--PERSONAL NAME
Personal name Kooijmans, Alex Louwe, Hanya, Yukari. Jabcuga, Keith. Van De
9 (RLIN) 5968
245 #0 - TITLE STATEMENT
Title Security websohere application server version 6.1 and J2EE 1
260 ## - PUBLICATION, DISTRIBUTION, ETC.
Place of publication, distribution, etc. Shroff publishers and dis. Pvt.
Name of publisher, distributor, etc. Mumbai
Date of publication, distribution, etc. 2007
300 ## - PHYSICAL DESCRIPTION
Other physical details 600
650 ## - SUBJECT ADDED ENTRY--TOPICAL TERM
Topical term or geographic name entry element COMPUTER NETWORK
Holdings
Withdrawn status Lost status Damaged status Not for loan Collection code Home library Current library Shelving location Date acquired Full call number Barcode Date last seen Price effective from Koha item type
        Computer Science and Engineering Central Library Central Library Book Cart 02/18/2022 004.67 KOO 12407 02/18/2022 02/18/2022 Books

Powered by Koha